Fiscalidad bs̀ica los impuestos en diez preguntas /

Detalles Bibliográficos
Autor principal: Herrero Suazo, Santiago
Otros Autores: Naveira Naveira, Ana Mara̕
Formato: Desconocido
Lenguaje:español
Publicado: Madrid : Boletn̕ Oficial del Estado, 2004
Materias:
Acceso en línea:Acceso restringido

MARC

LEADER 00000ny a22000003n 4500
005 20110525105558.0
008 080612s2004 sp s 000 0 spa c
017 |a D.L. M.39763-2004 
020 |a 8434015234 
035 |a 1788 
040 |a UMA.RE  |d vLex 
080 |a 351.713(0.034) 
090 |c 257  |d 257 
100 1 |a Herrero Suazo, Santiago 
245 1 0 |a Fiscalidad bs̀ica  |h [Recurso electrn̤ico]  |b los impuestos en diez preguntas /  |c Santiago Herrero Suazo, Ana Mara̕ Naveira Naveira 
256 |a Servicio en ln̕ea 
260 |a Madrid :  |b Boletn̕ Oficial del Estado,  |c 2004 
506 1 |a Contenido solo disponible en los productos indicados  |d vLex Global  |d vLex Global (Academic Edition, excluding Law Schools)  |d vLex Global (U.S. Academic Edition, Law Schools)  |d vLex Global (U.S. Academic Edition, excluding Law Schools)  |d vLex Global (Academic Edition, Law Schools) 
650 0 7 |2 Tesauro vLex  |a Tributario 
650 0 7 |2 Tesauro vLex  |a Impuestos 
650 0 7 |2 Tesauro vLex  |a Derecho fiscal 
700 1 |a Naveira Naveira, Ana Mara̕ 
740 0 |a vLex Libros (Servicios en ln̕ea) 
856 4 0 |z Acceso restringido  |u http://vlex.com/source/fiscalidad-basica-1788 
942 |c BOOK 
999 0 |a Taxation  |b Madrid